Państwa Europy z największą liczbą sąsiadów - Statystyki

Ogólne statystyki
  • Ten quiz został rozwiązany 1 001 razy
  • Średni wynik to 13 z 15
Statystyki odpowiedzi
Ilość Sąsiadów Kraj % Poprawnych
7 Polska
99%
9 Niemcy
97%
9 Rosja
97%
8 Francja
95%
7 Ukraina
91%
8 Austria
90%
8 Serbia
89%
6 Włochy
89%
7 Węgry
88%
5 Rumunia
87%
5 Słowacja
86%
5 Szwajcaria
85%
5 Chorwacja
82%
5 Białoruś
76%
5 Bułgaria
76%
Nie znaleziono quizów pasujących do podanych kryteriów
Rozkład punktacji
Procent ludzi z każdym wynikiem
Percentyl według liczby udzielonych odpowiedzi
Twoja historia wyników
Nie rozwiązałeś tego quizu